[Event "39th Olympiad Women"]
[Site "Khanty-Mansiysk RUS"]
[Date "2010.09.27"]
[Round "6"]
[White "Levushkina, Elena"]
[Black "Seps, Monika"]
[Result "0-1"]
[WhiteTitle "WGM"]
[BlackTitle "WIM"]
[WhiteElo "2346"]
[BlackElo "2184"]
[Board "8.2"]
[WhiteTeam "GER"]
[BlackTeam "SUI"]
[WhiteFideId "14200686"]
[BlackFideId "1308521"]
[EventDate "2010.09.21"]
[EventType "team"]

1. e4 c5 2. b3 g6 3. Bb2 Nf6 4. Qf3 d6 5. Bb5+ Nbd7 6. Bxf6 exf6 7. Nc3 a6 8.
Bxd7+ Bxd7 9. Nge2 Bg7 10. Qd3 O-O 11. Qxd6 Re8 12. O-O Rc8 13. Rae1 Rc6 14. Qd3
b5 15. a4 c4 16. bxc4 Rxc4 17. axb5 axb5 18. Rb1 f5 19. f3 Qe7 20. Kh1 fxe4 21.
fxe4 Bc6 22. Ng3 Rd4 23. Qe3 b4 24. Nce2 Rc4 25. Qb3 Rc5 26. d4 Rb5 27. d5 Bd7
28. Qd3 h5 29. c4 Rb6 30. Qe3 Ra6 31. Rfe1 Ra2 32. Qb3 Ra4 33. Ng1 Bc3 34. Re2
Qc5 35. Qc2 Qxc4 36. Nf3 Rea8 37. Ne5 b3 38. Nxc4 bxc2 39. Rxc2 Rxc4 40. Ne2
Rac8 41. Rbc1 Bg4 42. Nxc3 Bd7 43. Kg1 Ba4 44. Ra2 Bb3 45. Ra3 Rxc3 46. Rxc3
Rxc3 47. Kf2 h4 48. Ke1 h3 49. gxh3 Rxh3 50. Kf2 Kf8 51. e5 Rxh2+ 52. Kg3 Rb2
53. Ra8+ Ke7 54. Rb8 Kd7 55. Rb7+ Kc8 56. Rb5 Rb1 57. Kh4 Ba2 58. Ra5 Rb2 59.
Kg5 Rd2 60. e6 Rxd5+ 61. Rxd5 Bxd5 0-1

[Event "39th Olympiad Women"]
[Site "Khanty-Mansiysk RUS"]
[Date "2010.09.27"]
[Round "6"]
[White "Lematschko, Tatjana"]
[Black "Ohme, Melanie"]
[Result "1-0"]
[WhiteTitle "WGM"]
[BlackTitle "WIM"]
[WhiteElo "2194"]
[BlackElo "2311"]
[Board "8.3"]
[WhiteTeam "SUI"]
[BlackTeam "GER"]
[WhiteFideId "1300237"]
[BlackFideId "4690745"]
[EventDate "2010.09.21"]
[EventType "team"]

1. d4 Nf6 2. c4 c5 3. d5 b5 4. cxb5 a6 5. e3 d6 6. Nc3 g6 7. a4 Bg7 8. h3 O-O 9.
Bc4 axb5 10. Bxb5 Ba6 11. Bd2 Nbd7 12. Nf3 Nb6 13. e4 Bxb5 14. axb5 Nc4 15. Rb1
Qa5 16. O-O Nxd2 17. Nxd2 Qb4 18. Qe2 Nd7 19. Rfc1 Nb6 20. Kh1 Rfb8 21. f4 Ra7
22. Qd3 Rba8 23. Re1 Rb8 24. Qf3 Bd4 25. e5 Na4 26. exd6 exd6 27. Nde4 f5 28.
Nxd6 c4 29. Nxa4 Qxd6 30. Nc3 Rd7 31. Re6 Qb4 32. Qe2 Kg7 33. Rc1 Rbb7 34. d6
Rxd6 35. Rxd6 Qxd6 36. Qxc4 Rc7 37. Qf1 Rc5 38. Rd1 Qf6 39. b6 Bxc3 40. b7 Be5
41. b4 Rc3 42. fxe5 Qxe5 43. Qe1 1-0

[Event "39th Olympiad Women"]
[Site "Khanty-Mansiysk RUS"]
[Date "2010.09.27"]
[Round "6"]
[White "Fuchs, Judith"]
[Black "De Seroux, Camille"]
[Result "1-0"]
[WhiteTitle "WIM"]
[WhiteElo "2237"]
[BlackElo "2020"]
[Board "8.4"]
[WhiteTeam "GER"]
[BlackTeam "SUI"]
[WhiteFideId "24605611"]
[BlackFideId "1305620"]
[EventDate "2010.09.21"]
[EventType "team"]

1. e4 c5 2. Nf3 d6 3. Bc4 Nc6 4. c3 Nf6 5. d3 e6 6. Bb3 Be7 7. O-O O-O 8. Nbd2
d5 9. Qe2 b6 10. e5 Nd7 11. d4 a5 12. Rd1 Qc7 13. a3 a4 14. Ba2 Ba6 15. Qe3 b5
16. Nf1 b4 17. Ng3 Rfb8 18. Nh5 bxa3 19. bxa3 Na5 20. Ng5 Nb3 21. Qf4 Rf8 22.
Bb1 Nxa1 23. Nxg7 Kxg7 24. Qh4 Rh8 25. Nxe6+ fxe6 26. Qxe7+ Kg8 27. Qxe6+ 1-0

[Event "39th Olympiad Women"]
[Site "Khanty-Mansiysk RUS"]
[Date "2010.09.27"]
[Round "6"]
[White "Fomina, Tatyana"]
[Black "Foisor, Cristina-Adela"]
[Result "0-1"]
[WhiteTitle "WIM"]
[BlackTitle "IM"]
[WhiteElo "2256"]
[BlackElo "2395"]
[Board "9.1"]
[WhiteTeam "EST"]
[BlackTeam "ROU"]
[WhiteFideId "4500156"]
[BlackFideId "1200496"]
[EventDate "2010.09.21"]
[EventType "team"]

1. e4 c6 2. c4 g6 3. Nc3 Bg7 4. Nf3 d6 5. Bd3 Bg4 6. h3 Bxf3 7. Qxf3 Nd7 8. Qe2
Ngf6 9. Bc2 e5 10. d3 Nc5 11. Be3 Ne6 12. Qd2 O-O 13. O-O Nd7 14. Ne2 Nd4 15.
Nxd4 exd4 16. Bg5 Qc7 17. b4 Rfe8 18. a4 Nf8 19. a5 Ne6 20. Bh4 a6 21. Bd1 Rf8
22. Bg4 Rae8 23. Rab1 h5 24. Bxe6 Rxe6 25. b5 axb5 26. cxb5 Ra8 27. bxc6 bxc6
28. Rb6 Re5 29. Rc1 Rexa5 30. Rbxc6 Qd7 31. Bg3 R5a6 32. Rxa6 Rxa6 33. Qb4 Kh7
34. Qc4 Ra3 35. Rb1 Rc3 36. Qa6 g5 37. Rd1 Rc6 38. Qa5 h4 39. Bh2 Rc5 40. Qd2
Bh6 41. Qe2 Kg6 42. Rf1 d5 43. exd5 Rxd5 44. Re1 Qf5 45. Qe4 Bg7 46. g4 hxg3 47.
Bxg3 Qxe4 48. Rxe4 Rb5 49. Re1 Rb3 50. Rd1 Kf5 51. Kg2 Ke6 52. Kf3 f5 53. Ke2
Bf8 54. Rc1 Rb2+ 55. Kf3 Rd2 56. Rc4 f4 57. Rxd4 fxg3 58. fxg3 Bc5 59. Re4+ Kf5
60. Rc4 Rf2# 0-1

[Event "39th Olympiad Women"]
[Site "Khanty-Mansiysk RUS"]
[Date "2010.09.27"]
[Round "6"]
[White "Piarnpuu, Leili"]
[Black "Voicu-Jagodzinsky, Carmen"]
[Result "1/2-1/2"]
[WhiteTitle "WIM"]
[BlackTitle "WGM"]
[WhiteElo "2111"]
[BlackElo "2313"]
[Board "9.3"]
[WhiteTeam "EST"]
[BlackTeam "ROU"]
[WhiteFideId "4500180"]
[BlackFideId "1206729"]
[EventDate "2010.09.21"]
[EventType "team"]

1. d4 Nf6 2. Nf3 c5 3. d5 e6 4. Nc3 exd5 5. Nxd5 Nxd5 6. Qxd5 Be7 7. e4 O-O 8.
Bc4 Nc6 9. O-O d6 10. c3 Na5 11. Be2 Be6 12. Qd1 d5 13. exd5 Bxd5 14. b3 Bf6 15.
Be3 b6 16. Rc1 Nc6 17. Qd2 Be4 18. Rfd1 Qe7 19. Bf4 Rfd8 20. Qe3 Bf5 21. Qxe7
Nxe7 22. Be5 Nd5 23. Bxf6 Nxf6 24. h3 h6 25. Bc4 Rxd1+ 26. Rxd1 Re8 27. Bb5 Re7
28. Kf1 g5 29. Re1 Rxe1+ 30. Kxe1 Nd5 31. Kd2 Nf4 32. Bf1 Kg7 33. Ng1 Kf6 34. g3
Ng6 35. Bg2 h5 36. Ke3 Ne5 37. Be4 Be6 38. f4 gxf4+ 39. Kxf4 a5 40. h4 a4 41. c4
Bg4 42. Ke3 axb3 43. axb3 Bd1 44. Ne2 Bxb3 45. Nf4 Nxc4+ 46. Kd3 Nd6 47. Bf3 b5
48. Nxh5+ Ke5 49. Kc3 Bd5 50. Bxd5 Kxd5 51. Nf4+ Ke4 52. h5 Nf5 53. Nd3 Kf3 54.
Nxc5 Kxg3 55. Kb4 Kg4 56. Kxb5 Kxh5 57. Kc4 Kg4 58. Kd3 Nd6 59. Ke3 f5 60. Ne6
Nf7 61. Nf4 Ne5 62. Nd5 Kg3 63. Ke2 Nc4 64. Kd3 Nd6 65. Ke2 Ne4 66. Ke3 Nc5 67.
Nf4 Nd7 68. Ne2+ Kg4 69. Kf2 Ne5 70. Ke3 Ng6 71. Kf2 Nf4 72. Nd4 Nh3+ 73. Kg2 f4
74. Nf3 Ng5 75. Nd4 Ne4 76. Nf3 Nc3 77. Nd4 Nd5 78. Kf2 Nf6 79. Nf3 Ne4+ 80. Kg2
Nc5 81. Nd4 Nd3 82. Nf3 Kf5 83. Nh4+ Ke4 84. Kf1 Ne5 85. Ke2 Nc6 86. Kf2 Nb4 87.
Nf3 Nd3+ 88. Ke2 Nc5 89. Kf2 Ne6 90. Nd2+ Kf5 91. Nf3 Ng5 92. Nh2 Ke4 93. Ke2
Ke5 94. Kf2 Kf5 95. Ke2 Ke4 96. Kf2 Nf7 97. Nf3 Ne5 98. Nh4 Nd3+ 99. Ke2 Nc1+
100. Kf2 Nb3 101. Nf3 Kf5 102. Nh2 Nd4 103. Nf1 Ke4 104. Nh2 Nc6 105. Nf3 Ne5
106. Nh4 Kd4 107. Ke2 Ng4 108. Kf3 Ne5+ 1/2-1/2

[Event "39th Olympiad Women"]
[Site "Khanty-Mansiysk RUS"]
[Date "2010.09.27"]
[Round "6"]
[White "L'Ami, Alina"]
[Black "Narva, Triin"]
[Result "0-1"]
[WhiteTitle "WGM"]
[WhiteElo "2339"]
[BlackElo "1929"]
[Board "9.4"]
[WhiteTeam "ROU"]
[BlackTeam "EST"]
[WhiteFideId "1210246"]
[BlackFideId "4502680"]
[EventDate "2010.09.21"]
[EventType "team"]

1. d4 Nf6 2. c4 g6 3. Nc3 Bg7 4. e4 d6 5. Bd3 O-O 6. Nge2 e5 7. d5 Nbd7 8. O-O
a6 9. Bc2 Rb8 10. a4 Kh8 11. b4 Ng8 12. Rb1 f5 13. exf5 gxf5 14. f4 e4 15. Be3
Qh4 16. Bd4 Ndf6 17. Qd2 Rf7 18. Nd1 Bd7 19. Bf2 Qh6 20. Rb3 Ng4 21. Rh3 Qg6 22.
Bd4 N8f6 23. Ra3 Nh5 24. Ng3 Bxd4+ 25. Qxd4+ Qg7 26. Qa7 Nxg3 27. Rxg3 Rff8 28.
h3 Ra8 29. Qxb7 Qd4+ 30. Kh1 Ra7 31. Qxa7 Qxa7 32. hxg4 fxg4 33. f5 Rf6 34. Ne3
Qd4 35. Nxg4 Rxf5 36. Rxf5 Bxf5 37. Ne3 Bg6 38. Kh2 Kg8 39. Bd1 Kf7 40. Bg4 Qb6
41. Be6+ Kf6 42. Ng4+ Ke7 43. Rb3 Qd4 44. Ne3 Qe5+ 45. Kh3 Qa1 46. a5 Qa2 47.
Rc3 Qb2 48. Rc2 Qb3 49. Re2 Qd3 50. Ra2 Qxe3+ 51. Kh2 Qb3 0-1

[Event "39th Olympiad Women"]
[Site "Khanty-Mansiysk RUS"]
[Date "2010.09.27"]
[Round "6"]
[White "Calzetta Ruiz, Monica"]
[Black "Sabirova, Olga"]
[Result "0-1"]
[WhiteTitle "WGM"]
[BlackTitle "WIM"]
[WhiteElo "2280"]
[BlackElo "2216"]
[Board "10.2"]
[WhiteTeam "ESP"]
[BlackTeam "UZB"]
[WhiteFideId "2204185"]
[BlackFideId "14200201"]
[EventDate "2010.09.21"]
[EventType "team"]

1. e4 e5 2. Nf3 Nf6 3. d4 Nxe4 4. Bd3 d5 5. Nxe5 Nd7 6. Nc3 Nxc3 7. bxc3 Bd6 8.
O-O O-O 9. f4 c5 10. Qf3 Nf6 11. c4 cxd4 12. cxd5 Bc5 13. Kh1 Qxd5 14. Qg3 Ne4
15. Qh4 Bf5 16. Bb2 Nd6 17. Rad1 f6 18. Ng4 Qxa2 19. Ba1 Bxd3 20. Rxd3 Qxc2 21.
Rh3 Qg6 22. f5 Nxf5 0-1

[Event "39th Olympiad Women"]
[Site "Khanty-Mansiysk RUS"]
[Date "2010.09.27"]
[Round "6"]
[White "Aranaz Murillo, Amalia"]
[Black "Nodirjanova, Nodira"]
[Result "1/2-1/2"]
[WhiteTitle "WFM"]
[WhiteElo "2154"]
[BlackElo "2136"]
[Board "10.4"]
[WhiteTeam "ESP"]
[BlackTeam "UZB"]
[WhiteFideId "22200371"]
[BlackFideId "14201232"]
[EventDate "2010.09.21"]
[EventType "team"]

1. Nf3 d5 2. d4 Nf6 3. c4 dxc4 4. e3 e6 5. Bxc4 c5 6. O-O a6 7. dxc5 Qxd1 8.
Rxd1 Bxc5 9. Be2 Nbd7 10. Nbd2 b6 11. Nb3 Be7 12. Nfd4 Bb7 13. f3 g6 14. e4 Rc8
15. Bf1 e5 16. Ne2 Nc5 17. Be3 Nxb3 18. axb3 b5 19. g4 Nd7 20. Nc1 Bc5 21. Bxc5
Nxc5 22. b4 Ne6 23. Nb3 Ke7 24. Rac1 Rxc1 25. Rxc1 Rc8 26. Nc5 Rc7 27. Rc3 Nd4
28. Kf2 Kd8 29. g5 Bc8 30. Ra3 Nc2 31. Nxa6 Rd7 32. Ra5 Rd2+ 33. Kg3 Ne3 34. Bh3
Bxh3 35. Kxh3 Ng2 36. f4 exf4 37. Rxb5 Ne3 38. Rb8+ Ke7 39. Nc7 Kd7 40. Nd5 Nxd5
41. exd5 Rxd5 42. Kg4 Rf5 43. Ra8 f3 44. Ra1 f2 45. Rf1 Kc6 46. h4 f6 47. gxf6
Rxf6 48. Kg3 1/2-1/2

[Event "39th Olympiad Women"]
[Site "Khanty-Mansiysk RUS"]
[Date "2010.09.27"]
[Round "6"]
[White "Golubenko, Valentina"]
[Black "Reizniece, Dana"]
[Result "1/2-1/2"]
[WhiteTitle "WGM"]
[BlackTitle "WGM"]
[WhiteElo "2278"]
[BlackElo "2318"]
[Board "11.1"]
[WhiteTeam "CRO"]
[BlackTeam "LAT"]
[WhiteFideId "4501993"]
[BlackFideId "11601124"]
[EventDate "2010.09.21"]
[EventType "team"]

1. d4 Nf6 2. Nf3 g6 3. g3 Bg7 4. Bg2 O-O 5. O-O d6 6. c4 Nc6 7. b3 a6 8. Bb2 Rb8
9. d5 Na5 10. Qe1 c5 11. Bc3 b6 12. e4 e5 13. dxe6 Bxe6 14. e5 dxe5 15. Nxe5 Nd7
16. Nxd7 Qxd7 17. Bxg7 Kxg7 18. Nc3 Nc6 19. Rd1 Nd4 20. Ne2 Bg4 21. Nxd4 Bxd1
22. Nc6 Rbd8 23. Nxd8 Rxd8 24. Bd5 Bg4 25. Qc3+ f6 26. Re1 Re8 27. f3 Be6 28.
Bxe6 Rxe6 29. Rxe6 Qxe6 30. Kf2 h5 31. Qe3 Qd7 32. h4 Kf7 33. Kg2 Qf5 34. Qd2
Ke7 35. Qe3+ Kd7 36. Qd2+ Kc7 37. Qh6 Qc2+ 38. Kh3 Qf5+ 39. Kg2 b5 40. Qd2 b4
41. Qe2 Kd7 42. Qd2+ 1/2-1/2

[Event "39th Olympiad Women"]
[Site "Khanty-Mansiysk RUS"]
[Date "2010.09.27"]
[Round "6"]
[White "Rogule, Laura"]
[Black "Medic, Mirjana"]
[Result "0-1"]
[WhiteTitle "WGM"]
[BlackTitle "WGM"]
[WhiteElo "2354"]
[BlackElo "2264"]
[Board "11.2"]
[WhiteTeam "LAT"]
[BlackTeam "CRO"]
[WhiteFideId "11601876"]
[BlackFideId "14501619"]
[EventDate "2010.09.21"]
[EventType "team"]

1. d4 d5 2. c4 e6 3. Nf3 c6 4. Nc3 Nf6 5. Bg5 Nbd7 6. e3 Be7 7. Qc2 O-O 8. O-O-O
b6 9. Bd3 Bb7 10. h4 Rc8 11. Ne5 h6 12. Bxf6 Bxf6 13. Nxd7 Qxd7 14. g4 Rfd8 15.
f4 dxc4 16. Bh7+ Kh8 17. g5 Be7 18. Be4 c5 19. d5 exd5 20. Bf5 Qc6 21. Bxc8 Qxc8
22. gxh6 gxh6 23. Rhg1 Qh3 24. Qe2 Qf5 25. Rg4 Bf6 26. Rdg1 Qh7 27. Qg2 h5 28.
Rg3 d4 29. Qxb7 dxc3 30. e4 cxb2+ 31. Kc2 Re8 32. f5 Rd8 33. Kb1 Bxh4 34. Qc7
Bf6 35. Qc6 Be5 36. Rg5 h4 37. Rh1 h3 38. Rg3 h2 39. Rg2 Qh4 40. Kc2 c3 41. a4
Kh7 42. Qb7 Kh8 43. Qc6 a6 44. Re2 Kg8 45. Rg2+ Kf8 46. Re2 Qh3 47. Rd1 b1=Q+
48. Rxb1 Qd3+ 0-1

[Event "39th Olympiad Women"]
[Site "Khanty-Mansiysk RUS"]
[Date "2010.09.27"]
[Round "6"]
[White "Ni, Viktorija"]
[Black "Solic, Kristina"]
[Result "1/2-1/2"]
[WhiteTitle "WFM"]
[BlackTitle "WIM"]
[WhiteElo "2199"]
[BlackElo "2225"]
[Board "11.4"]
[WhiteTeam "LAT"]
[BlackTeam "CRO"]
[WhiteFideId "11602252"]
[BlackFideId "14507323"]
[EventDate "2010.09.21"]
[EventType "team"]

1. d4 d5 2. c4 e6 3. Nf3 c6 4. e3 Nf6 5. b3 Nbd7 6. Bb2 a6 7. Bd3 Bb4+ 8. Nbd2
O-O 9. O-O b6 10. a3 Be7 11. Qe2 Bb7 12. e4 dxe4 13. Nxe4 Nxe4 14. Bxe4 Nf6 15.
Bc2 Qc7 16. Rfe1 Rfe8 17. Rac1 Bd6 18. Ne5 Qe7 19. b4 a5 20. c5 Bxe5 21. dxe5
Nd5 22. Bd4 axb4 23. axb4 Qh4 24. Qd2 Red8 25. Re4 Qe7 26. Rg4 g6 27. Qh6 Qf8
28. Qxf8+ Rxf8 29. cxb6 Nxb4 30. Be4 Rfd8 31. Bc5 Nd3 32. Bxd3 Rxd3 33. h3 Ra6
34. Rgc4 Rd5 35. Bd4 Kf8 36. Bc5+ Ke8 37. Re4 Ra5 38. Bd6 Ra6 39. Bc7 Rda5 40.
Kh2 Kf8 41. Rf4 Rd5 42. Rc3 Rd7 43. Rff3 Ke8 44. Ra3 Rd2 45. Rxa6 Bxa6 46. Ra3
Bc8 47. Ra8 Kd7 48. b7 Bxb7 49. Rd8+ Kxc7 50. Rxd2 c5 51. Kg3 Bd5 52. f3 Kc6 53.
Kf4 h6 54. Ke3 Kd7 55. Rb2 Ke7 56. Rb5 c4 57. Rb8 f6 58. Rh8 fxe5 59. Rxh6 Kf6
60. Rh7 g5 61. Rc7 Kg6 62. g4 Kf6 63. Rd7 Kg6 64. Rd8 Kg7 65. Rd7+ Kg6 66. Rc7
Kh6 67. Ra7 Kg6 68. Ra3 Kf6 69. Rc3 Ke7 70. Kd2 Kd6 71. Re3 Bc6 72. Kc3 Kd5 73.
Re4 Kd6 74. Re3 Kd5 75. Re1 Kd6 76. Rf1 Kc5 77. Rf2 Bd5 78. Re2 Kd6 79. Re3 Bb7
80. Kxc4 Ba6+ 81. Kb4 Bf1 82. Re1 Bxh3 83. Rg1 e4 84. Rd1+ Ke5 85. Re1 Kf4 86.
Rxe4+ Kxf3 87. Rxe6 Bxg4 88. Rg6 Kf4 1/2-1/2

[Event "39th Olympiad Women"]
[Site "Khanty-Mansiysk RUS"]
[Date "2010.09.27"]
[Round "6"]
[White "Muzychuk, Anna"]
[Black "Klinova, Masha"]
[Result "1-0"]
[WhiteTitle "IM"]
[BlackTitle "IM"]
[WhiteElo "2535"]
[BlackElo "2303"]
[Board "12.1"]
[WhiteTeam "SLO"]
[BlackTeam "ISR"]
[WhiteFideId "14111330"]
[BlackFideId "2802015"]
[EventDate "2010.09.21"]
[EventType "team"]

1. e4 c6 2. d4 d5 3. e5 Bf5 4. Nf3 e6 5. Be2 Ne7 6. Nbd2 Nd7 7. Nb3 h6 8. O-O
Bh7 9. a4 a6 10. a5 c5 11. Nxc5 Nxc5 12. dxc5 Nc6 13. Be3 Nxa5 14. Nd4 Be7 15.
b4 Nc4 16. Bxc4 dxc4 17. Qg4 g5 18. f4 Qd5 19. f5 Qxe5 20. Rae1 h5 21. Qe2 O-O-O
22. Qxc4 Qd5 23. Qxd5 Rxd5 24. fxe6 fxe6 25. Rf7 Bd8 26. c4 Rd7 27. Rxd7 Kxd7
28. Nxe6 g4 29. Bg5 Bxg5 30. Nxg5 Bg8 31. Rd1+ Kc7 32. Rd4 Rh6 33. Ne4 Re6 34.
Kf2 Bh7 35. Nc3 Rf6+ 36. Kg3 Rf1 37. Nd5+ Kc8 38. Nb6+ 1-0

[Event "39th Olympiad Women"]
[Site "Khanty-Mansiysk RUS"]
[Date "2010.09.27"]
[Round "6"]
[White "Igla, Bella"]
[Black "Krivec, Jana"]
[Result "1-0"]
[WhiteTitle "WGM"]
[BlackTitle "WGM"]
[WhiteElo "2271"]
[BlackElo "2309"]
[Board "12.2"]
[WhiteTeam "ISR"]
[BlackTeam "SLO"]
[WhiteFideId "2806819"]
[BlackFideId "14601982"]
[EventDate "2010.09.21"]
[EventType "team"]

1. d4 d5 2. c4 dxc4 3. Nf3 Nf6 4. e3 e6 5. Bxc4 a6 6. Bb3 c5 7. O-O cxd4 8. exd4
Nc6 9. Nc3 Be7 10. Bg5 O-O 11. Re1 b5 12. Rc1 Bb7 13. Qe2 Nxd4 14. Nxd4 Qxd4 15.
a4 b4 16. Nb1 Rac8 17. Rxc8 Bxc8 18. Rc1 Nd5 19. Rd1 Qa7 20. Rxd5 exd5 21. Qxe7
Qxe7 22. Bxe7 Re8 23. Bxb4 Bf5 24. Na3 Rb8 25. Bc2 Bxc2 26. Nxc2 d4 27. Be1 d3
28. Nb4 Rd8 29. Bd2 Rd6 30. a5 Kf8 31. f3 Re6 32. Nxd3 Re2 33. Bc3 Re6 34. Kf2
f6 35. Bd4 Re8 36. Bb6 Ke7 37. Nb4 Ra8 38. Ke3 Kd7 39. Kd4 Kd6 40. b3 g6 41. Nd5
Kc6 42. Nxf6 Rf8 43. Nd5 Rf7 44. Kc4 Kb7 45. f4 h5 46. g3 Rd7 47. Bc5 Rg7 48.
Ne7 1-0

[Event "39th Olympiad Women"]
[Site "Khanty-Mansiysk RUS"]
[Date "2010.09.27"]
[Round "6"]
[White "Efroimski, Marsel"]
[Black "Rozic, Vesna"]
[Result "1/2-1/2"]
[WhiteTitle "WFM"]
[BlackTitle "WIM"]
[WhiteElo "2244"]
[BlackElo "2289"]
[Board "12.4"]
[WhiteTeam "ISR"]
[BlackTeam "SLO"]
[WhiteFideId "2810964"]
[BlackFideId "14604000"]
[EventDate "2010.09.21"]
[EventType "team"]

1. e4 e6 2. d4 d5 3. Nd2 c5 4. exd5 exd5 5. Ngf3 Nc6 6. Bb5 Bd6 7. dxc5 Bxc5 8.
O-O Ne7 9. c4 O-O 10. Nb3 Bd6 11. c5 Bc7 12. Bg5 f6 13. Bh4 Nf5 14. Bg3 Nxg3 15.
hxg3 Ne5 16. Nfd4 f5 17. Ne2 a6 18. Bd3 Ng4 19. Qd2 f4 20. Nbd4 fxg3 21. fxg3
Bd7 22. Nf3 Qe7 23. b4 Rae8 24. Nf4 Ne3 25. Nxd5 Nxd5 26. Bc4 Bxg3 27. Qxd5+ Be6
28. Qxe6+ Qxe6 29. Bxe6+ Rxe6 30. Rad1 Re7 31. Rd3 h6 32. Nd2 Bf4 33. Rdf3 Be3+
34. Kh1 Rxf3 35. Nxf3 Bf4 36. Nd4 Bc7 37. a4 Re4 38. Rd1 Bf4 39. b5 axb5 40.
axb5 Be3 41. Nf5 Bxc5 42. Rd7 Rf4 43. g4 Rxg4 44. Rxb7 Rg5 45. Nxg7 Rxg7 46.
Rxg7+ Kxg7 47. Kg2 Kf6 48. Kh1 Ke5 49. Kg2 Kd6 1/2-1/2

[Event "39th Olympiad Women"]
[Site "Khanty-Mansiysk RUS"]
[Date "2010.09.27"]
[Round "6"]
[White "Kulovana, Eva"]
[Black "Dauletova, Gulmira"]
[Result "0-1"]
[WhiteTitle "WGM"]
[BlackTitle "WIM"]
[WhiteElo "2359"]
[BlackElo "2235"]
[Board "13.1"]
[WhiteTeam "CZE"]
[BlackTeam "KAZ"]
[WhiteFideId "318779"]
[BlackFideId "13702971"]
[EventDate "2010.09.21"]
[EventType "team"]

1. e4 c5 2. Nf3 d6 3. d4 cxd4 4. Nxd4 Nf6 5. Nc3 g6 6. Be3 Bg7 7. f3 Nc6 8. Qd2
O-O 9. Bc4 Bd7 10. h4 Rc8 11. Bb3 h5 12. O-O-O Ne5 13. Bg5 Rc5 14. Kb1 Re8 15.
Bh6 Nc4 16. Bxc4 Rxc4 17. Bxg7 Kxg7 18. Rhe1 e5 19. Nde2 b5 20. Qxd6 b4 21. Qd3
Rc5 22. Qe3 Qb6 23. Rxd7 bxc3 24. Nxc3 Nxd7 25. Na4 Qb4 26. Nxc5 Nxc5 27. c3 Qb5
28. Rd1 Rb8 29. Qd2 Ne6 30. Qc2 Rd8 31. Rxd8 Nxd8 32. c4 Qc5 33. a3 Ne6 34. b4
Qg1+ 35. Kb2 Nd4 36. Qd2 Qf1 37. c5 Qc4 38. Qc3 Qe2+ 39. Kb1 Qf1+ 40. Kb2 Qxg2+
41. Kb1 Qf1+ 42. Kb2 Qe2+ 43. Kb1 Qb5 44. f4 f6 45. fxe5 fxe5 46. Qh3 a5 47. Qc3
axb4 48. axb4 Nc6 49. Qh3 Qxb4+ 50. Ka1 Qa4+ 51. Kb2 Nd4 52. Qc3 Qb5+ 53. Ka1
Qxc5 54. Qb2 Qa5+ 55. Kb1 Qe1+ 56. Ka2 Qe2 0-1

[Event "39th Olympiad Women"]
[Site "Khanty-Mansiysk RUS"]
[Date "2010.09.27"]
[Round "6"]
[White "Nakhbayeva, Guliskhan"]
[Black "Nemcova, Katerina"]
[Result "0-1"]
[WhiteTitle "WIM"]
[BlackTitle "WGM"]
[WhiteElo "2243"]
[BlackElo "2283"]
[Board "13.2"]
[WhiteTeam "KAZ"]
[BlackTeam "CZE"]
[WhiteFideId "13704788"]
[BlackFideId "322750"]
[EventDate "2010.09.21"]
[EventType "team"]

1. d4 d5 2. c4 c6 3. cxd5 cxd5 4. Nf3 Nf6 5. Nc3 Nc6 6. Bf4 a6 7. Ne5 Bd7 8. e3
e6 9. Bd3 Be7 10. O-O O-O 11. Qf3 Rc8 12. Qh3 g6 13. Bh6 Re8 14. f4 b5 15. a3
Na5 16. Qf3 Nc4 17. Bxc4 bxc4 18. Rf2 Bc6 19. g4 Ne4 20. Nxc6 Rxc6 21. Nxe4 dxe4
22. Qxe4 Qd5 23. Qc2 Rb8 24. Rd1 f5 25. gxf5 exf5 26. Re2 Bf6 27. e4 Bxd4+ 28.
Kf1 Qc5 29. Qd2 Rd6 30. Qc1 fxe4 31. Rxe4 Bg1 32. Re2 Rd3 33. Rdd2 Be3 34. Qe1
Re8 35. Rxd3 cxd3 36. Rg2 Qh5 0-1

[Event "39th Olympiad Women"]
[Site "Khanty-Mansiysk RUS"]
[Date "2010.09.27"]
[Round "6"]
[White "Sikorova, Olga"]
[Black "Davletbayeva, Madina"]
[Result "1/2-1/2"]
[WhiteTitle "WIM"]
[BlackTitle "WFM"]
[WhiteElo "2290"]
[BlackElo "2163"]
[Board "13.3"]
[WhiteTeam "CZE"]
[BlackTeam "KAZ"]
[WhiteFideId "307033"]
[BlackFideId "13703595"]
[EventDate "2010.09.21"]
[EventType "team"]

1. e4 Nf6 2. e5 Nd5 3. d4 d6 4. Nf3 dxe5 5. Nxe5 c6 6. Qf3 Be6 7. c3 Nd7 8. Nxd7
Qxd7 9. h3 Bf5 10. Nd2 e6 11. Nc4 h6 12. g4 Bh7 13. Bg2 Qc7 14. Bd2 b5 15. Ne3
Rc8 16. Nxd5 cxd5 17. Qe2 Qc4 18. Bf1 Bd6 19. h4 Rb8 20. Qe3 Qc7 21. a3 a5 22.
Be2 Bg6 23. Kf1 Qe7 24. Kg2 h5 25. Qg5 hxg4 26. Bxg4 Qxg5 27. hxg5 Kd7 28. Be2
Kc6 29. f3 Bc2 30. Kf2 Bf5 31. b4 axb4 32. cxb4 Rxh1 33. Rxh1 Ra8 34. Rc1+ Kb6
35. Rc3 Rh8 36. f4 Rh2+ 37. Ke1 Rh1+ 38. Kf2 Rh2+ 39. Ke1 Rh1+ 40. Bf1 Rh2 41.
Rf3 Bg4 42. Rf2 Rh1 43. Be3 Bh3 44. Ke2 Bxf1+ 45. Rxf1 Rxf1 46. Kxf1 g6 47. Ke2
Kc6 48. Kd3 Kb6 49. Kc3 Ka6 50. Kb3 Kb6 51. Bd2 Be7 1/2-1/2

[Event "39th Olympiad Women"]
[Site "Khanty-Mansiysk RUS"]
[Date "2010.09.27"]
[Round "6"]
[White "Saduakassova, Dinara"]
[Black "Olsarova, Tereza"]
[Result "1-0"]
[WhiteTitle "WFM"]
[BlackTitle "WFM"]
[WhiteElo "2142"]
[BlackElo "2215"]
[Board "13.4"]
[WhiteTeam "KAZ"]
[BlackTeam "CZE"]
[WhiteFideId "13700090"]
[BlackFideId "325449"]
[EventDate "2010.09.21"]
[EventType "team"]

1. Nf3 d5 2. d4 Nf6 3. c4 c6 4. e3 e6 5. b3 Nbd7 6. Bb2 Ne4 7. a3 b5 8. Nfd2 b4
9. Nxe4 dxe4 10. Nd2 f5 11. c5 bxa3 12. Rxa3 Nf6 13. Nc4 Nd5 14. Ne5 Qf6 15.
Nxc6 Bxc5 16. dxc5 Qxb2 17. Qa1 Qxa1+ 18. Rxa1 Bd7 19. Ne5 Ke7 20. Nxd7 Kxd7 21.
Bb5+ Ke7 22. Bc6 Rac8 23. Rxa7+ Kf6 24. Bxd5 exd5 25. b4 Rb8 26. Ra4 Rb5 27. Kd2
Rhb8 28. Kc3 Ke5 29. Rd1 g5 30. g3 Rf8 31. Ra6 Rd8 32. Ra7 h5 33. Rd4 h4 34. Kb3
hxg3 35. hxg3 f4 36. gxf4+ gxf4 37. Re7+ Kf5 38. exf4 Rdb8 39. Re5+ Kxf4 40.
Rexd5 Kf3 41. Rf5+ Kg4 42. Re5 Kf3 43. Kc3 Kxf2 44. Rdxe4 R5b7 45. Re7 Rb5 46.
Rf7+ Kg3 47. Rc4 Rd8 48. Rf6 Rbb8 49. c6 1-0